000 00445pab a2200133 454500
008 180718b xxu||||| |||| 00| 0 eng d
100 _aSuryaprasad K.
245 _aDiscreationary powers of the Governor: a critique of the Sarkaria Commission Report
362 _a3(3-4), Jul-Sep/Oct-Dec 1993, p.240-54
650 _a Sarkaria Commission -- India
650 _aGovernors -- Powers and Functions -- India
773 _aISDA Journal
909 _a27336
999 _c27336
_d27336